Vzhůru, tesaři, do výše střechu zvedněte! ; Seymour: úvod = Raise high the roof beam, carpenters ; Seymour: an introduction / J.D. Salinger ; přeložili Luba a Rudolf Pellarovi
Record details
- ISBN: 978-80-257-1558-1
- Physical Description: 257 stran ; 20 cm
- Edition: Vydání v bilingvní podobě první
- Publisher: Praha : Argo, 2015
Content descriptions
| General Note: | Přeloženo z angličtiny |
| Language Note: | Souběžný anglický text |
Search for related items by subject
| Genre: | americké novely dvojjazyčná vydání American novellas bilingual editions |
Available copies
- 1 of 1 copy available at Common Catalog SPOK.
Holds
- 0 current holds with 1 total copy.
Show Only Available Copies
| Location | Call Number / Copy Notes | Barcode | Shelving Location | Status | Due Date |
|---|---|---|---|---|---|
| The Jewish community of Prague | K 3180 | 4638300258 | K - Beletrie | Available | - |
| LDR | 02129nam a2200505 i 4500 | ||
|---|---|---|---|
| 001 | 52375 | ||
| 003 | CZ-PrJAB | ||
| 005 | 20160112083829.0 | ||
| 007 | ta | ||
| 008 | 151030s2015 xr g 000 f cze | ||
| 015 | . | ‡acnb002749743 | |
| 020 | . | ‡a978-80-257-1558-1 ‡q(brožováno) | |
| 035 | . | ‡a(CZ PrNK)nkc20152749743 | |
| 035 | . | ‡a(OCoLC)939571821 | |
| 040 | . | ‡aBOA001 ‡bcze ‡dOLA001 ‡erda | |
| 041 | 1 | . | ‡acze ‡aeng ‡heng |
| 072 | 7. | ‡a821.111(73)-3 ‡xAmerická próza ‡2Konspekt ‡925 | |
| 080 | . | ‡a821.111(73)-32 ‡2MRF | |
| 080 | . | ‡a(0:82-32) ‡2MRF | |
| 080 | . | ‡a(0.027)=030 ‡2MRF | |
| 100 | 1 | . | ‡aSalinger, J. D. ‡q(Jerome David), ‡d1919-2010 ‡7jn19990007318 ‡4aut |
| 245 | 1 | 0. | ‡aVzhůru, tesaři, do výše střechu zvedněte! ; ‡bSeymour: úvod = Raise high the roof beam, carpenters ; Seymour: an introduction / ‡cJ.D. Salinger ; přeložili Luba a Rudolf Pellarovi |
| 246 | 3 | 1. | ‡aRaise high the roof beam, carpenters |
| 246 | 3 | 1. | ‡aSeymour: an introduction |
| 250 | . | ‡aVydání v bilingvní podobě první | |
| 264 | 1. | ‡aPraha : ‡bArgo, ‡c2015 | |
| 300 | . | ‡a257 stran ; ‡c20 cm | |
| 336 | . | ‡atext ‡btxt ‡2rdacontent | |
| 337 | . | ‡abez média ‡bn ‡2rdamedia | |
| 338 | . | ‡asvazek ‡bnc ‡2rdacarrier | |
| 500 | . | ‡aPřeloženo z angličtiny | |
| 546 | . | ‡aSouběžný anglický text | |
| 655 | 7. | ‡aamerické novely ‡7fd131792 ‡2czenas | |
| 655 | 7. | ‡advojjazyčná vydání ‡7fd194533 ‡2czenas | |
| 655 | 9. | ‡aAmerican novellas ‡2eczenas | |
| 655 | 9. | ‡abilingual editions ‡2eczenas | |
| 700 | 1 | . | ‡aPellarová, Luba, ‡d1922-2005 ‡7jk01092504 ‡4trl |
| 700 | 1 | . | ‡aPellar, Rudolf, ‡d1923-2010 ‡7jk01092501 ‡4trl |
| 700 | 1 | 2. | ‡aSalinger, J. D. ‡q(Jerome David), ‡d1919-2010. ‡tRaise high the roof beam, carpenters ‡7aun2015892584 |
| 700 | 1 | 2. | ‡aSalinger, J. D. ‡q(Jerome David), ‡d1919-2010. ‡tRaise high the roof beam, carpenters. ‡lČesky ‡7aun2015892576 |
| 700 | 1 | 2. | ‡aSalinger, J. D. ‡q(Jerome David), ‡d1919-2010. ‡tSeymour: an introduction ‡7aun2015892586 |
| 700 | 1 | 2. | ‡aSalinger, J. D. ‡q(Jerome David), ‡d1919-2010. ‡tSeymour: an introduction. ‡lČesky ‡7aun2015892577 |
| 740 | 0 | 2. | ‡aSeymour: úvod |
| 910 | . | ‡aABE461 | |
| 995 | . | ‡aska | |
| 901 | . | ‡a52375 ‡bAUTOGEN ‡c52375 ‡tbiblio | |